[Event "Montreal Mercredi 04"]
[Site "Montreal"]
[Date "2008.04.23"]
[Round "5"]
[White "Dolrev, Martin"]
[Black "Millette, Sylvain"]
[Result "1/2-1/2"]
[WhiteElo "1570"]
[BlackElo "1630"]
[PlyCount "120"]
[EventDate "2008.04.02"]
[EventType "tourn"]
[EventRounds "5"]
[EventCountry "CAN"]
[SourceTitle "EXT 2011"]
[Source "ChessBase"]
[SourceDate "2010.11.26"]
[SourceVersion "1"]
[SourceVersionDate "2010.11.26"]
[SourceQuality "1"]

1. d4 Nf6 2. Nf3 d5 3. Bf4 g6 4. e3 Bg7 5. Nbd2 Bg4 6. h3 Bxf3 7. Nxf3 Nbd7 8. c4 c5 9. Bd3 cxd4 10. exd4 dxc4 11. Bxc4 0-0 12. 0-0 e6 13. Bd6 Re8 14. Bb5 a6 15. Bxd7 Qxd7 16. Be5 Rac8 17. Qe2 Qd5 18. Rfc1 Nd7 19. Bxg7 Kxg7 20. a3 f6 21. Rc2 Nb6 22. Rac1 Rxc2 23. Rxc2 Re7 24. Rc5 Qd6 25. Qc2 Nd5 26. b4 Rc7 27. Kf1 b6 28. Rxc7+ Qxc7 29. Qxc7+ Nxc7 30. Ne1 Nb5 31. Nc2 Kf7 32. Ke2 Nc3+ 33. Kd2 Nd5 34. g3 Ke7 35. Kd3 b5 36. Ne3 Kd6 37. Ng4 h5 38. Ne3 f5 39. Ng2 g5 40. f3 Nb6 41. Ne3 Nd5 42. Ng2 Nb6 43. Ne3 Nd7 44. d5 Ne5+ 45. Ke2 f4 46. gxf4 gxf4 47. Ng2 Ng6 48. dxe6 Kxe6 49. Kd3 Ke5 50. Kc3 Ne7 51. Nh4 Nc6 52. Kd3 a5 53. bxa5 Nxa5 54. Ng6+ Kf5 55. Ne7+ Kg5 56. Nd5 Nc4 57. Kc3 Nxa3 58. Kb4 Nc4 59. h4+ Kf5 60. Ne7+ Ke6 1/2-1/2